[Event "Voronezh op 3rd"]
[Site "Voronezh"]
[Date "1999.06.16"]
[Round "5"]
[White "Panchenko, Alexandar G"]
[Black "Strukov, Robert"]
[Result "1/2-1/2"]
[WhiteElo "2427"]
[BlackElo "2325"]
[PlyCount "67"]
[EventDate "1999.06.??"]
[EventType "swiss"]
[EventRounds "9"]
[EventCountry "RUS"]
[SourceTitle "EXT 2000"]
[Source "ChessBase"]
[SourceDate "1999.11.16"]
[SourceVersion "1"]
[SourceVersionDate "1999.11.16"]
[SourceQuality "1"]

1. Nf3 Nf6 2. g3 g6 3. b3 Bg7 4. Bb2 0-0 5. Bg2 d6 6. d4 e5 7. dxe5 Ng4 8. h3 Nxe5 9. Nxe5 Bxe5 10. Bxe5 dxe5 11. Qxd8 Rxd8 12. Nd2 Nc6 13. Bxc6 bxc6 14. 0-0-0 c5 15. h4 Bb7 16. Rhe1 f6 17. c4 Kf7 18. Nb1 Rd6 19. Nc3 Bc6 20. Rd2 Rad8 21. Red1 Ke6 22. Kc2 a6 23. e4 Rd4 24. Nd5 Bxd5 25. cxd5+ Kd6 26. Rxd4 cxd4 27. Kd3 c6 28. dxc6 Rc8 29. Rc1 Rxc6 30. Rxc6+ Kxc6 31. Kc2 h6 32. b4 Kb6 33. a4 Kc6 34. Kd3 1/2-1/2

[Event "Novgorod op"]
[Site "Novgorod"]
[Date "1999.03.22"]
[Round "4"]
[White "Strukov, Robert"]
[Black "Karpatchev, Aleksandr"]
[Result "1-0"]
[WhiteElo "2325"]
[BlackElo "2477"]
[PlyCount "87"]
[EventDate "1999.03.19"]
[EventType "swiss"]
[EventRounds "10"]
[EventCountry "RUS"]
[SourceTitle "CBM 069 Extra"]
[Source "ChessBase"]
[SourceDate "1999.05.10"]
[SourceVersion "1"]
[SourceVersionDate "1999.05.10"]
[SourceQuality "1"]

1. e4 e5 2. Nf3 Nc6 3. Bb5 f5 4. Nc3 fxe4 5. Nxe4 d5 6. Ng3 Bg4 7. h3 Bxf3 8. Qxf3 Qd6 9. 0-0 0-0-0 10. c3 Kb8 11. d3 g6 12. Re1 Bg7 13. Bxc6 Qxc6 14. Qf7 Bf6 15. c4 Ne7 16. Bh6 Nf5 17. Nxf5 gxf5 18. cxd5 Rxd5 19. Rac1 Qd6 20. Rxc7 Qxc7 21. Qxd5 f4 22. Qe6 Qd8 23. Rxe5 Bxe5 24. Qxe5+ Ka8 25. Bxf4 Re8 26. Qc3 Qd5 27. a3 Rg8 28. Bg3 Rd8 29. Be5 Rg8 30. g3 Qf3 31. d4 Qxc3 32. bxc3 Rc8 33. f4 b5 34. d5 Kb7 35. Kf2 Rc5 36. d6 Kc6 37. Ke3 Rc4 38. f5 Kd7 39. g4 a5 40. g5 Rh4 41. g6 hxg6 42. fxg6 Rxh3+ 43. Kf4 Rh1 44. g7 1-0

[Event "Novgorod op"]
[Site "Novgorod"]
[Date "1999.03.21"]
[Round "3"]
[White "Dokutchaev, Aleksander"]
[Black "Strukov, Robert"]
[Result "1/2-1/2"]
[WhiteElo "2443"]
[BlackElo "2325"]
[PlyCount "71"]
[EventDate "1999.03.19"]
[EventType "swiss"]
[EventRounds "10"]
[EventCountry "RUS"]
[SourceTitle "CBM 069 Extra"]
[Source "ChessBase"]
[SourceDate "1999.05.10"]
[SourceVersion "1"]
[SourceVersionDate "1999.05.10"]
[SourceQuality "1"]

1. d4 Nf6 2. Nf3 g6 3. c4 Bg7 4. g3 0-0 5. Bg2 d5 6. 0-0 dxc4 7. Na3 Nc6 8. Nxc4 Be6 9. b3 Bd5 10. e3 Re8 11. Bb2 a5 12. Rc1 a4 13. bxa4 Ra6 14. Nfe5 Bxg2 15. Kxg2 Qa8 16. Nxc6 Rxc6 17. d5 Rc5 18. e4 b5 19. Bxf6 exf6 20. axb5 Rxe4 21. Ne3 Rxc1 22. Qxc1 Qxa2 23. d6 cxd6 24. Qa1 Qe6 25. Qa8+ Bf8 26. Rb1 d5 27. Nxd5 Kg7 28. Nc7 Qf5 29. Rb2 Qe5 30. Rc2 Rb4 31. Qc6 Rb1 32. Ne8+ Kh8 33. Nxf6 Qxb5 34. Qxb5 Rxb5 35. Rc8 Kg7 36. Ne8+ 1/2-1/2

[Event "Novgorod op"]
[Site "Novgorod"]
[Date "1999.03.19"]
[Round "10"]
[White "Strukov, Robert"]
[Black "Tuturin, Sergey"]
[Result "0-1"]
[WhiteElo "2325"]
[BlackElo "2248"]
[PlyCount "82"]
[EventDate "1999.03.19"]
[EventType "swiss"]
[EventRounds "10"]
[EventCountry "RUS"]
[SourceTitle "CBM 069 Extra"]
[Source "ChessBase"]
[SourceDate "1999.05.10"]
[SourceVersion "1"]
[SourceVersionDate "1999.05.10"]
[SourceQuality "1"]

1. e4 e6 2. d3 c5 3. Nf3 Nc6 4. g3 d6 5. Bg2 g6 6. 0-0 Bg7 7. c3 Nge7 8. Re1 0-0 9. Nbd2 Rb8 10. Nb3 b5 11. d4 c4 12. Nbd2 d5 13. exd5 exd5 14. Nf1 b4 15. Bf4 bxc3 16. bxc3 Rb5 17. Rb1 a6 18. Qd2 Qb6 19. Rxb5 axb5 20. Bd6 Re8 21. Qf4 h6 22. a3 Qd8 23. h4 Nf5 24. Rxe8+ Qxe8 25. Bc5 Bf8 26. Bxf8 Qxf8 27. Qc7 Qe8 28. g4 Nfe7 29. Ne3 Be6 30. Qf4 Kh7 31. Ne5 Nxe5 32. Qxe5 Qd7 33. Kh2 Qd8 34. Kg3 Kg8 35. h5 Qa5 36. Qd6 Qxc3 37. Qxe7 Qxd4 38. hxg6 Qe5+ 39. Kh4 Qh2+ 40. Bh3 Qxf2+ 41. Kh5 Qxe3 0-1